[Event "Guernsey Open 2011"]
[Site "Guernsey, Channel Islands"]
[Date "2011.10.19"]
[Round "4"]
[White "Rowe, Peter"]
[Black "Carlucci, Paul"]
[Result "1/2-1/2"]
[WhiteElo "1999"]
[BlackElo "1898"]
[PlyCount "96"]
[EventDate "2011.10.16"]
[SourceDate "2011.11.07"]

1. d4 Nf6 2. Nf3 b6 3. Bf4 Bb7 4. e3 e6 5. Nbd2 Be7 6. Bd3 d6 7. c3 Nbd7 8. h3
a6 9. O-O O-O 10. Re1 d5 11. Qe2 Ne4 12. Rac1 f6 13. Bh2 Bd6 14. c4 Bxh2+ 15.
Kxh2 Rf7 16. Rc2 Nf8 17. Rec1 Nxd2 18. Nxd2 dxc4 19. Bxc4 Bd5 20. Bxa6 f5 21.
Bc4 Ra5 22. a3 Ba8 23. Nf3 Bxf3 24. Qxf3 f4 25. Qe4 fxe3 26. Qxe3 Qd6+ 27. Kg1
Raf5 28. Re1 R5f6 29. Qe5 Qd8 30. Rce2 c6 31. a4 Qa8 32. b3 Qd8 33. b4 h6 34.
a5 bxa5 35. bxa5 Rf5 36. Qe4 Qxa5 37. Bxe6 Nxe6 38. Qxe6 Qc3 39. Qe8+ Kh7 40.
Qe4 Kg8 41. Rb1 Rb5 42. Rxb5 cxb5 43. Qe8+ Rf8 44. Qe6+ Kh8 45. d5 Qc1+ 46. Kh2
Qf4+ 47. g3 Qd4 48. Kg2 Rd8 1/2-1/2

[Event "Guernsey Open 2011"]
[Site "Guernsey, Channel Islands"]
[Date "2011.10.19"]
[Round "4"]
[White "Glover, John"]
[Black "Downey, Keith"]
[Result "0-1"]
[WhiteElo "1857"]
[BlackElo "1987"]
[PlyCount "142"]
[EventDate "2011.10.16"]
[SourceDate "2011.11.07"]

1. Nf3 Nf6 2. c4 c5 3. g3 d5 4. Bg2 Nc6 5. cxd5 Nxd5 6. O-O e5 7. Nc3 Nc7 8. d3
Be7 9. Be3 Bd7 10. Ne4 b6 11. Ned2 O-O 12. Nc4 f6 13. a3 Rc8 14. Bd2 b5 15. Na5
Nxa5 16. Bxa5 Be6 17. Nd2 Qd7 18. b4 Na6 19. bxc5 Nxc5 20. Bb4 Kh8 21. Rb1 a6
22. Ne4 Na4 23. Qd2 Rfe8 24. Rfc1 Bxb4 25. Qxb4 Red8 26. Nc5 Nxc5 27. Rxc5 Rxc5
28. Qxc5 h6 29. Qb6 Qd6 30. Qxd6 Rxd6 31. Rc1 Kg8 32. Kf1 Kf7 33. Rc7+ Rd7 34.
Rc6 Ra7 35. Ke1 Ke7 36. Kd2 Bd7 37. Rb6 Kd8 38. Rb8+ Ke7 39. Ra8 Rxa8 40. Bxa8
Kd6 41. Kc3 Kc5 42. e3 a5 43. d4+ exd4+ 44. exd4+ Kd6 45. h4 Bc6 46. Bxc6 Kxc6
47. g4 Kd5 48. Kd3 b4 49. axb4 axb4 50. f4 b3 51. g5 f5 52. h5 b2 53. Kc2 b1=Q+
54. Kxb1 Kxd4 55. gxh6 gxh6 56. Kc2 Ke3 57. Kd1 Kxf4 58. Ke2 Kg5 59. Kf3 Kxh5
60. Kf4 Kg6 61. Kf3 Kg5 62. Kg3 f4+ 63. Kf3 Kf5 64. Kf2 Ke4 65. Ke2 h5 66. Kf2
h4 67. Ke2 f3+ 68. Kf2 Kf4 69. Kf1 Ke3 70. Ke1 h3 71. Kf1 h2 0-1

[Event "Guernsey Open 2011"]
[Site "Guernsey, Channel Islands"]
[Date "2011.10.19"]
[Round "4"]
[White "Vonhoff, Nils"]
[Black "Spanton, Timothy"]
[Result "0-1"]
[WhiteElo "1751"]
[BlackElo "1980"]
[PlyCount "86"]
[EventDate "2011.10.16"]
[SourceDate "2011.11.07"]

1. e4 c5 2. Nf3 g6 3. d4 cxd4 4. Nxd4 Nc6 5. Be3 Bg7 6. c3 Nf6 7. f3 O-O 8. Nd2
d5 9. Nxc6 bxc6 10. e5 Nd7 11. f4 f6 12. exf6 Nxf6 13. Be2 Qc7 14. O-O Rb8 15.
Qc1 Ng4 16. Bxg4 Bxg4 17. Nb3 e5 18. h3 Bf5 19. fxe5 Bxe5 20. Bf4 Rbe8 21. Bxe5
Qxe5 22. Nd4 Bd7 23. Qe1 Rxf1+ 24. Qxf1 Qg3 25. Qf2 Qxf2+ 26. Kxf2 c5 27. Nb3
Rb8 28. Nxc5 Rxb2+ 29. Kf3 Bc6 30. Nd3 Rc2 31. Rc1 d4+ 32. Kf4 Rxc1 33. Nxc1
Bxg2 34. cxd4 Bxh3 35. Nd3 Be6 36. a4 Kf7 37. Ke5 Ke7 38. d5 Bd7 39. d6+ Kd8
40. Nc5 h5 41. a5 g5 42. Ne4 g4 43. Kf4 h4 0-1

[Event "Guernsey Open 2011"]
[Site "Guernsey, Channel Islands"]
[Date "2011.10.19"]
[Round "4"]
[White "Reutimann, Hans Peter"]
[Black "Hickman, John"]
[Result "1/2-1/2"]
[WhiteElo "1791"]
[BlackElo "1975"]
[PlyCount "85"]
[EventDate "2011.10.16"]
[SourceDate "2011.11.07"]

1. d4 d6 2. Nf3 g6 3. Bf4 Bg7 4. e3 Nd7 5. c3 e5 6. dxe5 dxe5 7. Bg5 Ngf6 8.
Bc4 O-O 9. O-O h6 10. Bh4 Qe7 11. Qc2 Nb6 12. Bb3 Be6 13. Nbd2 Bxb3 14. axb3
Qe6 15. Rfd1 g5 16. Bg3 Nh5 17. Nf1 f5 18. h3 Nxg3 19. Nxg3 e4 20. Nd4 Bxd4 21.
Rxd4 Nd7 22. b4 Ne5 23. b3 a6 24. Rad1 Rae8 25. R1d2 Qg6 26. Qd1 Nd3 27. f3 Qc6
28. fxe4 fxe4 29. Rxe4 Rxe4 30. Nxe4 Nxb4 31. Nxg5 Qxc3 32. Nf3 Qxe3+ 33. Kh1
Nc6 34. Rd7 Qf4 35. Qd3 Qf5 36. Qc4+ Rf7 37. Rxc7 Na5 38. Rc8+ Kh7 39. Qc3 Rg7
40. Kh2 Qf4+ 41. Kh1 Qg3 42. Qc2+ Qg6 43. Qb2 1/2-1/2

[Event "Guernsey Open 2011"]
[Site "Guernsey, Channel Islands"]
[Date "2011.10.19"]
[Round "4"]
[White "Bakkes, Frits"]
[Black "Coenen, Albert"]
[Result "0-1"]
[WhiteElo "1605"]
[BlackElo "1932"]
[PlyCount "26"]
[EventDate "2011.10.16"]
[SourceDate "2011.11.07"]

1. e4 Nf6 2. Nc3 d5 3. exd5 Nxd5 4. Nxd5 Qxd5 5. d4 Nc6 6. Nf3 Bg4 7. Be2 O-O-O
8. c3 e5 9. dxe5 Qe4 10. Nd4 Nxd4 11. cxd4 Rxd4 12. Bd2 Bb4 13. f3 Bxd2+ 0-1

[Event "Guernsey Open 2011"]
[Site "Guernsey, Channel Islands"]
[Date "2011.10.19"]
[Round "4"]
[White "Dennis, Nigel"]
[Black "Brookfield, Toby"]
[Result "0-1"]
[WhiteElo "1932"]
[BlackElo "1802"]
[PlyCount "92"]
[EventDate "2011.10.16"]
[SourceDate "2011.11.07"]

1. e4 c5 2. Nf3 d6 3. d4 cxd4 4. Nxd4 Nf6 5. Nc3 g6 6. Be2 Bg7 7. O-O O-O 8.
Be3 Nc6 9. Nb3 Be6 10. f4 Na5 11. Nxa5 Qxa5 12. g4 Rac8 13. Bd4 Bc4 14. g5 Bxe2
15. Qxe2 Nh5 16. Bxg7 Kxg7 17. Kh1 h6 18. gxh6+ Kxh6 19. f5 Qe5 20. Rad1 e6 21.
Qe3+ Kg7 22. Qd4 Qxd4 23. Rxd4 Rc6 24. Rf2 a6 25. Rfd2 Nf6 26. fxe6 fxe6 27.
Rxd6 Rxd6 28. Rxd6 Ng4 29. h3 Rf1+ 30. Kg2 Ne3+ 31. Kg3 Rf6 32. Rb6 Nf1+ 33.
Kh4 Kh6 34. Kg4 Ne3+ 35. Kg3 Nf1+ 36. Kg2 Ne3+ 37. Kg1 Rf1+ 38. Kh2 Rf2+ 39.
Kg3 Rxc2 40. Rxb7 Nc4 41. Na4 Nd6 42. Rb4 a5 43. Rd4 Nf7 44. Rd3 Ng5 45. Kf4
Re2 46. Re3 e5+ 0-1

[Event "Guernsey Open 2011"]
[Site "Guernsey, Channel Islands"]
[Date "2011.10.19"]
[Round "4"]
[White "Fassaert, Desire"]
[Black "Knight, Tim R"]
[Result "1-0"]
[WhiteElo "1930"]
[BlackElo "1744"]
[PlyCount "87"]
[EventDate "2011.10.16"]
[SourceDate "2011.11.07"]

1. c4 b6 2. Nc3 Bb7 3. b3 e6 4. Bb2 Nf6 5. e3 Be7 6. Nf3 O-O 7. Be2 d5 8. O-O
c5 9. d4 dxc4 10. Bxc4 Nc6 11. dxc5 Qxd1 12. Rfxd1 Bxc5 13. Be2 Rfd8 14. a3 Be7
15. b4 Rxd1+ 16. Rxd1 Rd8 17. Rxd8+ Nxd8 {(=)} 18. Ne5 Ne4 19. Nxe4 Bxe4 20. f3
Bb7 21. Kf2 Bf6 22. Bd4 g6 23. g3 Bg7 24. Bd3 Nc6 25. Nxc6 Bxc6 26. Bxg7 Kxg7
27. f4 f5 28. Bc2 Kf6 29. Ke2 Ke7 30. Kd2 Kd6 31. Bb3 Bd5 32. Bd1 Bc4 33. Kc3
b5 34. Kd4 a6 35. a4 Bd5 36. axb5 axb5 37. Be2 Bc6 38. Bd3 Bd7 39. e4 fxe4 40.
Bxe4 Be8 41. h4 Bf7 42. h5 Be8 43. hxg6 hxg6 44. Bd3 1-0

[Event "Guernsey Open 2011"]
[Site "Guernsey, Channel Islands"]
[Date "2011.10.19"]
[Round "4"]
[White "Van Hoek, Wim"]
[Black "Gravett, Alan D"]
[Result "1/2-1/2"]
[WhiteElo "1936"]
[BlackElo "1925"]
[PlyCount "36"]
[EventDate "2011.10.16"]
[SourceDate "2011.11.07"]

1. e4 c5 2. Nf3 d6 3. c3 Nf6 4. Qc2 Nc6 5. d4 cxd4 6. cxd4 Bd7 7. Nc3 e6 8. Be2
Qb6 9. Qd1 Rc8 10. O-O Be7 11. d5 exd5 12. exd5 Na5 13. Nd2 O-O 14. Re1 Rfe8
15. Nb3 Nxb3 16. axb3 a6 17. Be3 Qc7 18. Rc1 Qa5 1/2-1/2

[Event "Guernsey Open 2011"]
[Site "Guernsey, Channel Islands"]
[Date "2011.10.19"]
[Round "4"]
[White "Nicholson, John"]
[Black "Murray, Steve"]
[Result "1-0"]
[WhiteElo "1836"]
[BlackElo "1885"]
[PlyCount "55"]
[EventDate "2011.10.16"]
[SourceDate "2011.11.07"]

1. e4 c5 2. Nc3 a6 3. f4 g6 4. Nf3 Bg7 5. a4 Nc6 6. Bc4 e6 7. d3 Nge7 8. O-O
O-O 9. f5 exf5 10. Qe1 Nd4 11. Qh4 Nec6 12. Bg5 Qe8 13. Nd5 Ra7 14. Rae1 d6 15.
Nf6+ Bxf6 16. Bxf6 h5 17. exf5 Nxf5 18. Rxe8 Nxh4 19. Rxf8+ Kxf8 20. Bxh4 Ne7
21. Ng5 f5 22. Re1 b6 23. Nh7+ Ke8 24. Nf6+ Kf8 25. Bg5 d5 26. Nxd5 Nxd5 27.
Bxd5 Kg7 28. Re8 1-0

[Event "Guernsey Open 2011"]
[Site "Guernsey, Channel Islands"]
[Date "2011.10.19"]
[Round "4"]
[White "Campbell, Eoin"]
[Black "Bridel, Jon"]
[Result "1-0"]
[WhiteElo "1885"]
[BlackElo "1775"]
[PlyCount "57"]
[EventDate "2011.10.16"]
[SourceDate "2011.11.07"]

1. Nf3 g6 2. c4 Bg7 3. g3 c5 4. Bg2 Nc6 5. Nc3 Nf6 6. d4 cxd4 7. Nxd4 Nxd4 8.
Qxd4 O-O 9. O-O d6 10. Qd3 a6 11. Rd1 Qb6 12. Be3 Qc7 13. Nd5 Nxd5 14. Qxd5
Bxb2 15. Rab1 Bg7 16. c5 dxc5 17. Qxc5 Qxc5 18. Bxc5 Re8 19. Bxb7 Bxb7 20. Rxb7
Bf6 21. Rdd7 Kf8 22. e4 Rac8 23. Ba3 Rcd8 24. Rxd8 Rxd8 25. e5 Rd1+ 26. Kg2 Rd3
27. exf6 Ke8 28. Rb8+ Kd7 29. fxe7 1-0

[Event "Guernsey Open 2011"]
[Site "Guernsey, Channel Islands"]
[Date "2011.10.20"]
[Round "5"]
[White "Sulskis, Sarunas"]
[Black "Pert, Nicholas"]
[Result "1/2-1/2"]
[WhiteElo "2577"]
[BlackElo "2557"]
[PlyCount "120"]
[EventDate "2011.10.16"]
[SourceDate "2011.11.07"]

1. e4 e6 2. d4 d5 3. Nc3 Bb4 4. e5 b6 5. Qg4 Bf8 6. h4 h5 7. Qf3 Ba6 8. Nge2
Nc6 9. Bg5 Be7 10. Be3 g6 11. O-O-O Qd7 12. g3 Nh6 13. Bh3 Bb7 14. Bg5 O-O-O
15. Kb1 Nf5 16. Bxf5 gxf5 17. Rh2 Rdg8 18. Nf4 Bxg5 19. hxg5 Rxg5 20. Rxh5
Rgxh5 21. Nxh5 Qe7 22. Nf6 Nxe5 23. dxe5 d4 24. Ncd5 Qc5 25. b4 Bxd5 26. Nxd5
Qxd5 27. Qxd5 exd5 28. Rxd4 Rh2 29. Rf4 Rh5 30. Rh4 Rg5 31. Rh7 f4 32. gxf4 Rf5
33. Rh4 f6 34. Rh8+ Kd7 35. Rh7+ Ke6 36. Rxc7 Rxf4 37. exf6 Rxb4+ 38. Kc1 Rf4
39. Rxa7 Rxf6 40. Rb7 Ke5 41. Kb2 Kd4 42. f3 Ke3 43. Re7+ Kd4 44. c3+ Kc5 45.
Re3 Kc4 46. Kc2 Rh6 47. Rd3 Rf6 48. Rd4+ Kc5 49. f4 b5 50. a3 Ra6 51. f5 Rxa3
52. Rf4 Ra4 53. Rf3 b4 54. f6 Ra8 55. f7 Rf8 56. cxb4+ Kxb4 57. Kd3 Kc5 58. Rf6
d4 59. Ke4 d3 60. Kxd3 Kd5 1/2-1/2

[Event "Guernsey Open 2011"]
[Site "Guernsey, Channel Islands"]
[Date "2011.10.20"]
[Round "5"]
[White "Hillarp Persson, Tiger"]
[Black "Cornelisse, Johnny JA"]
[Result "1-0"]
[WhiteElo "2535"]
[BlackElo "2217"]
[PlyCount "85"]
[EventDate "2011.10.16"]
[SourceDate "2011.11.07"]

1. c4 e5 2. g3 Nc6 3. Bg2 Nf6 4. Nc3 Bc5 5. Nf3 O-O 6. O-O d6 7. a3 a5 8. d3 h6
9. e3 Bb6 10. b3 Ne7 11. d4 Ng6 12. Bb2 c6 13. d5 Qe7 14. Nd2 Bg4 15. Qc2 Qd7
16. Rfe1 Ne7 17. dxc6 bxc6 18. Na4 Bc7 19. f3 Bh3 20. Rad1 Nh7 21. Bh1 Qe6 22.
f4 Bg4 23. Nf3 f6 24. Bg2 g5 25. Nc3 Bb6 26. c5 Bxc5 27. Ne4 Qf5 28. Qb1 Ba7
29. Nxd6 Qxb1 30. Rxb1 gxf4 31. gxf4 Nd5 32. fxe5 fxe5 33. Nxe5 Nxe3 34. Rxe3
Bxe3+ 35. Kh1 Nf6 36. Nxc6 Ra6 37. Rf1 Bd7 38. Ne7+ Kg7 39. Ndf5+ Kf7 40. Nxe3
Kxe7 41. Bxf6+ Raxf6 42. Nd5+ Ke6 43. Nxf6 1-0

[Event "Guernsey Open 2011"]
[Site "Guernsey, Channel Islands"]
[Date "2011.10.20"]
[Round "5"]
[White "Wismayer, Clive R"]
[Black "Hebden, Mark"]
[Result "0-1"]
[WhiteElo "2114"]
[BlackElo "2506"]
[PlyCount "86"]
[EventDate "2011.10.16"]
[SourceDate "2011.11.07"]

1. e4 e5 2. Nf3 Nc6 3. Nc3 Nf6 4. Bb5 Nd4 5. Nxd4 exd4 6. e5 dxc3 7. exf6 Qxf6
8. dxc3 Bc5 9. O-O O-O 10. Bd3 d6 11. Qh5 h6 12. Qe2 Qh4 13. Bd2 a5 14. Rfe1
Bg4 15. Qf1 Rfe8 16. h3 Bd7 17. Rxe8+ Rxe8 18. Re1 Re5 19. Be3 Qe7 20. Bd2 Bc6
21. Re2 Qh4 22. Be3 Bxe3 23. Rxe3 Qe7 24. Re2 g5 25. Qe1 Qe6 26. a3 f5 27. Re3
Kg7 28. b3 Qd5 29. Qf1 f4 30. Bc4 fxe3 31. Bxd5 e2 32. Qe1 Bxd5 33. f3 Bf7 34.
g3 Bg6 35. f4 Re7 36. Kf2 Bxc2 37. c4 Kg8 38. b4 axb4 39. axb4 Bb3 40. c5 d5
41. c6 bxc6 42. f5 d4 43. f6 Re5 0-1

[Event "Guernsey Open 2011"]
[Site "Guernsey, Channel Islands"]
[Date "2011.10.20"]
[Round "5"]
[White "Mack, Wolfgang"]
[Black "Brookes, Christopher"]
[Result "1-0"]
[WhiteElo "2279"]
[BlackElo "2122"]
[PlyCount "79"]
[EventDate "2011.10.16"]
[SourceDate "2011.11.07"]

1. c4 e5 2. g3 Nf6 3. Bg2 c6 4. d4 exd4 5. Qxd4 d5 6. Nc3 Be6 7. cxd5 cxd5 8.
Bg5 Nc6 9. Qa4 Bb4 10. Nf3 h6 11. Bxf6 Qxf6 12. O-O O-O 13. Rac1 Rac8 14. a3
Be7 15. e3 Rfd8 16. Rfd1 a6 17. Nd4 Nxd4 18. Rxd4 Qf5 19. Rcd1 Bf6 20. R4d3 d4
21. Be4 Qh5 22. exd4 Rc4 23. Qb3 b5 24. d5 Bf5 25. Bxf5 Qxf5 26. a4 Bxc3 27.
axb5 Be1 28. Rxe1 axb5 29. d6 Rb4 30. Qc3 Rxb2 31. Rf3 Qc2 32. Qc7 Qxc7 33.
dxc7 Rc8 34. Re7 Rc2 35. Rfxf7 g5 36. Rg7+ Kf8 37. Ref7+ Ke8 38. Rh7 Rc6 39.
Rd7 b4 40. Rd8+ 1-0

[Event "Guernsey Open 2011"]
[Site "Guernsey, Channel Islands"]
[Date "2011.10.20"]
[Round "5"]
[White "Williams, Peter A"]
[Black "Minnican, Alan William"]
[Result "1-0"]
[WhiteElo "2196"]
[BlackElo "2106"]
[PlyCount "53"]
[EventDate "2011.10.16"]
[SourceDate "2011.11.07"]

1. d4 e6 2. Nf3 f5 3. h3 Nf6 4. g4 d5 5. c4 c6 6. Rg1 Bb4+ 7. Bd2 Qe7 8. Bxb4
Qxb4+ 9. Qd2 Qxd2+ 10. Nbxd2 O-O 11. e3 Nbd7 12. cxd5 exd5 13. gxf5 c5 14. Ne5
cxd4 15. exd4 Nh5 {(=)} 16. Ng4 Kh8 17. Ne3 Nb6 18. Rg5 Nf4 19. Rg4 Nh5 20. Bd3
Bd7 21. b3 Rac8 22. Nf3 Nf6 23. Rh4 Ne4 24. Ne5 Bxf5 25. Nxf5 Rxf5 26. Ng6+ Kg8
27. Ne7+ 1-0

[Event "Guernsey Open 2011"]
[Site "Guernsey, Channel Islands"]
[Date "2011.10.20"]
[Round "5"]
[White "Norman, Kenneth I"]
[Black "Canonne, Antoine"]
[Result "1/2-1/2"]
[WhiteElo "2160"]
[BlackElo "2007"]
[PlyCount "71"]
[EventDate "2011.10.16"]
[SourceDate "2011.11.07"]

1. Nf3 Nc6 2. g3 e5 3. d3 f5 4. Bg2 Nf6 5. c4 Bb4+ 6. Bd2 Bxd2+ 7. Nbxd2 d6 8.
O-O O-O 9. Rb1 Qe8 10. b4 Qh5 11. b5 Nd8 12. e3 f4 13. exf4 exf4 14. d4 fxg3
15. fxg3 Bh3 16. Qb3 Nf7 17. Rbe1 Bxg2 18. Kxg2 Rfe8 19. Qd3 Ng5 20. Nxg5 Qxg5
21. Ne4 Nxe4 22. Rxe4 d5 23. Rxe8+ Rxe8 24. Qf3 Qe7 25. Qxd5+ Qe6 26. Qxe6+
Rxe6 27. Rf2 Re3 28. Rc2 Rd3 29. d5 Kf7 30. Kf2 Ke7 31. Ke2 Rd4 32. Ke3 Rd1 33.
Ke4 Kd7 34. h4 Re1+ 35. Kd4 Rd1+ 36. Ke4 1/2-1/2

[Event "Guernsey Open 2011"]
[Site "Guernsey, Channel Islands"]
[Date "2011.10.20"]
[Round "5"]
[White "Collier, David"]
[Black "Goater, Kevin"]
[Result "1/2-1/2"]
[WhiteElo "2100"]
[BlackElo "2138"]
[PlyCount "57"]
[EventDate "2011.10.16"]
[SourceDate "2011.11.07"]

1. Nf3 g6 2. g3 Bg7 3. Bg2 e5 4. e4 Nc6 5. O-O d6 6. Re1 Nge7 7. c3 O-O 8. d4
Bg4 9. d5 Nb8 10. h3 Bd7 11. c4 b6 12. Nc3 a5 13. b3 h6 14. a3 Na6 15. Bb2 Qe8
16. Rc1 f5 17. Rf1 Qf7 18. Nd2 f4 19. g4 Bf6 20. Nf3 g5 21. Ne1 Ng6 22. f3 Nh4
23. Rf2 h5 24. Bf1 Qg6 25. Ng2 Nxg2 26. Rxg2 Rf7 27. Rcc2 hxg4 28. hxg4 Rh7 29.
Rh2 1/2-1/2

[Event "Guernsey Open 2011"]
[Site "Guernsey, Channel Islands"]
[Date "2011.10.20"]
[Round "5"]
[White "Prins, Jan"]
[Black "Havenaar, Jan"]
[Result "0-1"]
[WhiteElo "2051"]
[BlackElo "2156"]
[PlyCount "56"]
[EventDate "2011.10.16"]
[SourceDate "2011.11.07"]

1. d4 Nf6 2. Nf3 d6 3. c3 Nc6 4. Bg5 e5 5. e4 Be7 6. Nbd2 O-O 7. d5 Nb8 8. Bxf6
Bxf6 9. Bd3 c6 10. c4 Na6 11. a3 Bd7 12. b4 c5 13. b5 Nc7 14. Nf1 Bg5 15. Ng3
g6 16. Nxg5 Qxg5 17. h4 Qf4 18. Qd2 f5 19. h5 Qxd2+ 20. Kxd2 f4 21. Nf1 gxh5
22. Nh2 Ne8 23. Be2 Nf6 24. Kd3 Nxe4 25. Kc2 Nxf2 26. Rhf1 Ne4 27. Bd3 Ng3 28.
Rfe1 e4 0-1

[Event "Guernsey Open 2011"]
[Site "Guernsey, Channel Islands"]
[Date "2011.10.20"]
[Round "5"]
[White "Westerkamp, Bert"]
[Black "Taylor, Mark V"]
[Result "0-1"]
[WhiteElo "2063"]
[BlackElo "2131"]
[PlyCount "60"]
[EventDate "2011.10.16"]
[SourceDate "2011.11.07"]

1. Nf3 e6 2. d4 f5 3. g3 Nf6 4. Bg2 Be7 5. O-O O-O 6. b3 d6 7. Bb2 a5 8. c4 Ne4
9. Nfd2 Nxd2 10. Nxd2 Bf6 11. e4 Nc6 12. exf5 exf5 13. Nb1 f4 14. Na3 Bf5 15.
Nb5 Qd7 16. a3 Kh8 17. Re1 Bh3 18. Bf3 Rae8 19. Rxe8 Rxe8 20. Qd2 fxg3 21. hxg3
Rf8 22. Bg2 Bxg2 23. Kxg2 b6 24. Rh1 d5 25. Qd3 h6 26. Rh5 Bg5 27. Qe2 Ne7 28.
Qe5 c6 29. Rxg5 hxg5 30. Nd6 Ng6 0-1

[Event "Guernsey Open 2011"]
[Site "Guernsey, Channel Islands"]
[Date "2011.10.20"]
[Round "5"]
[White "Pleasants, Allan J"]
[Black "Thurlow, Kevin J"]
[Result "1-0"]
[WhiteElo "2079"]
[BlackElo "2033"]
[PlyCount "55"]
[EventDate "2011.10.16"]
[SourceDate "2011.11.07"]

1. e4 c5 2. Nf3 e6 3. d4 cxd4 4. c3 dxc3 5. Nxc3 Nc6 6. Bc4 a6 7. Qe2 b5 8. Bb3
Bc5 9. O-O Nge7 10. Bf4 Qb6 11. Rac1 Nd4 12. Nxd4 Bxd4 13. Bc7 Qxc7 14. Nxb5
Qe5 15. Nc7+ Kd8 16. Nxa8 Nc6 17. Rfd1 Bb7 18. Ba4 Bxa8 19. Qd3 Ke7 20. Bxc6
Bxf2+ 21. Kxf2 Qxb2+ 22. Kg1 Qb6+ 23. Kh1 Bxc6 24. Qd6+ Kf6 25. Rf1+ Kg6 26.
Qg3+ Kh6 27. Qf4+ Kg6 28. Qxf7+ 1-0

[Event "Guernsey Open 2011"]
[Site "Guernsey, Channel Islands"]
[Date "2011.10.20"]
[Round "5"]
[White "Burton, Ronnie"]
[Black "Purdon, Colin"]
[Result "0-1"]
[WhiteElo "2024"]
[BlackElo "2075"]
[PlyCount "106"]
[EventDate "2011.10.16"]
[SourceDate "2011.11.07"]

1. d4 d5 2. c4 dxc4 3. e3 Nf6 4. Bxc4 e6 5. Nc3 a6 6. Nf3 c5 7. O-O b5 8. Bd3
Nbd7 9. Qe2 Be7 10. Rd1 O-O 11. dxc5 Bxc5 12. Ne4 Qe7 13. a3 Bb7 14. Nxf6+ Nxf6
15. e4 h6 16. h3 Rfd8 17. Bf4 Bb6 18. Rac1 Rac8 19. Rxc8 Rxc8 20. Bb1 Rd8 21.
Re1 Nh5 22. Bh2 g6 23. g4 Nf6 24. Be5 Nd7 25. Bc3 e5 26. Rd1 f6 27. Ba2+ Kg7
28. Bd5 Bxd5 29. Rxd5 Nc5 30. Rd2 Rxd2 31. Nxd2 Qd6 32. Kg2 Nd3 33. Kh2 Nxf2
34. Kg2 Qd3 35. Qxd3 Nxd3 36. Nb3 Kf7 37. Kf3 Ke6 38. h4 Nc5 39. Nxc5+ Bxc5 40.
Bd2 h5 41. Ba5 hxg4+ 42. Kxg4 Be3 43. b3 f5+ 44. exf5+ gxf5+ 45. Kf3 Bc1 46. a4
bxa4 47. bxa4 e4+ 48. Ke2 f4 49. Bc7 Kf5 50. Kf2 Kg4 51. Bd8 f3 52. Be7 e3+ 53.
Kf1 Bd2 0-1

[Event "Guernsey Open 2011"]
[Site "Guernsey, Channel Islands"]
[Date "2011.10.20"]
[Round "5"]
[White "Coenen, Albert"]
[Black "Reijneveld, Ad"]
[Result "1/2-1/2"]
[WhiteElo "1932"]
[BlackElo "2172"]
[PlyCount "23"]
[EventDate "2011.10.16"]
[SourceDate "2011.11.07"]

1. d4 Nf6 2. c4 Nc6 3. d5 Ne5 4. e4 e6 5. Nf3 Bb4+ 6. Bd2 Nxf3+ 7. Qxf3 Qe7 8.
Be2 e5 9. Nc3 d6 10. a3 Bxc3 11. Bxc3 O-O 12. O-O 1/2-1/2

[Event "Guernsey Open 2011"]
[Site "Guernsey, Channel Islands"]
[Date "2011.10.20"]
[Round "5"]
[White "Chernoff, John"]
[Black "Downey, Keith"]
[Result "1-0"]
[WhiteElo "2140"]
[BlackElo "1987"]
[PlyCount "71"]
[EventDate "2011.10.16"]
[SourceDate "2011.11.07"]

1. e4 c5 2. Nf3 a6 3. d4 cxd4 4. Nxd4 Nf6 5. Nc3 e5 6. Nf3 Bb4 7. Bc4 O-O 8.
O-O Qc7 9. Qe2 d6 10. Nd5 Nxd5 11. Bxd5 Bg4 12. c3 Ba5 13. h3 Bxf3 14. Qxf3 Nc6
15. h4 Ne7 16. Bb3 Kh8 17. g4 Qc6 18. Be3 f5 19. gxf5 Rxf5 20. Qg4 Rf6 21. Bg5
Raf8 22. h5 h6 23. Bxf6 Rxf6 24. f4 Bb6+ 25. Kg2 Qxe4+ 26. Qf3 Qxf3+ 27. Kxf3
d5 28. Kg4 e4 29. Rad1 Nf5 30. Bxd5 Ne3+ 31. Kg3 Nxd5 32. Rxd5 e3 33. Kf3 Kg8
34. Rg1 Bc7 35. f5 Bb6 36. Rg6 1-0

[Event "Guernsey Open 2011"]
[Site "Guernsey, Channel Islands"]
[Date "2011.10.20"]
[Round "5"]
[White "Heppell, Ian"]
[Black "Spanton, Timothy"]
[Result "1/2-1/2"]
[WhiteElo "2132"]
[BlackElo "1980"]
[PlyCount "41"]
[EventDate "2011.10.16"]
[SourceDate "2011.11.07"]

1. e4 e6 2. d4 d5 3. Nc3 dxe4 4. Nxe4 Nf6 5. Nxf6+ Qxf6 6. Nf3 h6 7. Bd3 Nc6 8.
O-O Bd6 9. Re1 O-O 10. Be4 Bd7 11. c4 Rad8 12. c5 Bf4 13. Qb3 Rb8 14. Bxf4 Qxf4
15. Rad1 Rfd8 16. Ne5 Nxe5 17. dxe5 Bc6 18. g3 Qg4 19. f3 Qg5 20. Bxc6 bxc6 21.
Qc3 1/2-1/2

[Event "Guernsey Open 2011"]
[Site "Guernsey, Channel Islands"]
[Date "2011.10.20"]
[Round "5"]
[White "Casiot, David J"]
[Black "Goris, Ton"]
[Result "1/2-1/2"]
[WhiteElo "2125"]
[BlackElo "1993"]
[PlyCount "129"]
[EventDate "2011.10.16"]
[SourceDate "2011.11.07"]

1. e4 e6 2. d4 d5 3. Nc3 dxe4 4. Nxe4 Bd7 5. Nf3 Bc6 6. Bd3 Nd7 7. O-O Ngf6 8.
Qe2 Nxe4 9. Bxe4 Bxe4 10. Qxe4 c6 11. c4 Nf6 12. Qc2 Bd6 13. Be3 Qc7 14. Rad1
O-O 15. Rfe1 Rfe8 16. Bc1 e5 17. c5 Bf8 18. dxe5 Nd5 19. Re4 g6 20. a3 a5 21.
Rde1 Bg7 22. Bg5 h6 23. Bh4 Qd7 24. Bg3 Re7 25. Nd2 Rae8 26. Nc4 f5 27. Rd4 Qe6
28. Qd2 g5 29. f4 gxf4 30. Bxf4 Kh7 31. Bg3 Rf8 32. Bh4 Ref7 33. Qc2 Kg8 34.
Bf2 f4 35. Nd6 Rd7 36. Rde4 f3 37. Bg3 fxg2 38. Qxg2 Ne7 39. h3 Kh7 40. Rg4 Nd5
41. Qe4+ Kh8 42. Kh2 Ne7 43. Rg1 Nf5 44. Bf4 Nxd6 45. cxd6 Rxf4 46. Rxf4 Qxe5
47. Rxg7 Qxe4 48. Rxe4 Kxg7 49. Re6 Kf7 50. Rxh6 Kg7 51. Re6 Kf7 52. Re7+ Rxe7
53. dxe7 a4 54. Kg3 b5 55. Kf3 c5 56. Ke3 Kxe7 57. Ke4 Ke6 58. h4 b4 59. h5 c4
60. h6 c3 61. bxc3 bxa3 62. h7 a2 63. h8=Q a1=Q 64. Qc8+ Kd6 65. Qa6+ 1/2-1/2

[Event "Guernsey Open 2011"]
[Site "Guernsey, Channel Islands"]
[Date "2011.10.20"]
[Round "5"]
[White "Van der Sanden, Martien"]
[Black "Hamperl, Fred A"]
[Result "0-1"]
[WhiteElo "1853"]
[BlackElo "2098"]
[PlyCount "72"]
[EventDate "2011.10.16"]
[SourceDate "2011.11.07"]

1. e4 c5 2. Nf3 Nc6 3. d3 e5 4. Nc3 d6 5. g3 Nf6 6. Bg2 Be7 7. O-O O-O 8. Ne1
Rb8 9. a4 a6 10. f4 Bg4 11. Nf3 Nh5 12. f5 Nd4 13. Ne2 Nxf3+ 14. Bxf3 Bxf3 15.
Rxf3 Bg5 16. g4 Bxc1 17. Qxc1 Nf6 18. g5 Nh5 19. Rh3 g6 20. Qe3 f6 21. Kh1 fxg5
22. Rg1 Nf4 23. Rhg3 h6 24. h4 Kg7 25. Rg4 Nxe2 26. Qxe2 gxf5 27. exf5 Rxf5 28.
R1g3 Qf6 29. h5 Rf8 30. Qe4 Rf7 31. Rg1 Rf1 32. R4g2 Rxg1+ 33. Rxg1 Qf3+ 34.
Qxf3 Rxf3 35. Kg2 Rf4 36. b3 Rg4+ 0-1

[Event "Guernsey Open 2011"]
[Site "Guernsey, Channel Islands"]
[Date "2011.10.20"]
[Round "5"]
[White "Maruejols, Claude"]
[Black "Bakker, Joop PA"]
[Result "1-0"]
[WhiteElo "2034"]
[BlackElo "1986"]
[PlyCount "69"]
[EventDate "2011.10.16"]
[SourceDate "2011.11.07"]

1. d4 d6 2. Nf3 Bg4 3. c4 Bxf3 4. exf3 Nd7 5. Bd3 e6 6. O-O Ngf6 7. Nc3 Be7 8.
Re1 O-O 9. Qc2 d5 10. b3 c5 11. Be3 dxc4 12. Bxc4 Rc8 13. d5 exd5 14. Nxd5 Nxd5
15. Bxd5 Qc7 16. Be4 Nf6 17. Bf5 Rcd8 18. Bg5 h6 19. Bh4 Rfe8 20. Rad1 Rxd1 21.
Qxd1 Kf8 22. Bg3 Qd8 23. Qc2 Qa5 24. Rd1 Rd8 25. Rxd8+ Qxd8 26. Be5 Qd5 27. Bb2
b6 28. Bd3 Qe6 29. g3 Nd7 30. Bb5 Nf6 31. Bc4 Qc6 32. Qe2 g6 33. Qe3 Ng8 34.
Qf4 Qd6 35. Qxf7# 1-0